History Quiz

Random History or Art Quiz

Book and Painting Title Blitz Quiz Stats

Quiz Updated Jan 5, 2018

Challenge
Share
Tweet
Embed
Score 0/30 Timer 02:00
3 Plays Today
Question Answer Wrong Answers
The Da Vinci _____ (Dan Brown) Code
97%
Symphony
0.1%
Canvas
0.2%
Studio
0.2%
Harry Potter and the Sorcerer's _____ (J.K. Rowling) Stone
96.7%
Wand
0.8%
Question
0.3%
Pose
0.2%
The Catcher in the _____ (J. D. Salinger) Rye
96.5%
Outfield
0.4%
City
0.4%
Flue
0.3%
The Lion, the _____ and the Wardrobe (C. S. Lewis) Witch
96.2%
Jungle
0.5%
Winter
1%
Lamb
1.2%
Starry _____ (Vincent Van Gogh, 1889) Night
95.3%
Sky
2.7%
Esplanade
0.2%
Transome
0.2%
La Gioconda/_____ Lisa (Leonardo da Vinci, c. 1506) Mona
94.8%
Madame
1%
Via
0.7%
Vieux
0.8%
Charlotte's _____ (E.B. White) Web
94.6%
Women
0.3%
City
0.2%
Choice
1%
The Great _____ (F. Scott Fitzgerald) Gatsby
94.2%
Divorce
0.1%
Unknown
0.3%
Depression
1.2%
Anne of _____ Gables (Lucy Maud Montgomery) Green
92.7%
Clark
1.5%
Gallow
1.2%
Frank
0.8%
The _____ (Edvard Munch, 1893) Scream
92.6%
End
3.5%
Maja
0.6%
Guerra
0.7%
And Then There Were _____ (Agatha Christie) None
92.4%
Seven
4.1%
Deaths
0.7%
Excuses
0.3%
Water _____ (Claude Monet, 1889) Lilies
90.4%
Fall
2.1%
Bridge
1.3%
World
2.4%
To Kill a _____ (Harper Lee) Mockingbird
89.1%
Butterfly
0.2%
Fly
0.2%
Time
0.1%
Le Petit _____ (Antoine de Saint-Exupéry) Prince
86.9%
Four
4.7%
Louvre
3.8%
Marmite
3.4%
The Garden of Earthly _____ (Hieronymus Bosch, c. 1500) Delights
85.1%
Joy
6%
Sympathy
1.4%
Misery
5.4%
Pride and _____ (Jane Austen) Prejudice
84.2%
Lion
0.1%
Gaggle
0.1%
Reflection
0.8%
American _____ (Grant Wood, 1930) Gothic
83.2%
Family
2.1%
Living
0.7%
Pie
9.6%
Dogs Playing _____ (Cassius Marcellus Coolidge, 1903) Poker
82.7%
Tag
2.3%
Dead
5.6%
Happily
2.3%
The Lord of the _____ (J.R.R. Tolkien) Rings
82.1%
Flies
8.8%
Dance
0.2%
Universe
0.2%
Girl with a _____ Earring (Johannes Vermeer, 1665) Pearl
80%
Gold
4.2%
Silver
6.8%
Diamond
4.1%
The Persistence of _____ (Salvador Dali, 1931) Memory
76.4%
Flight
3.6%
Children
2.5%
Love
14.9%
The _____ Watch (Rembrandt van Rijn, 1642) Night
76.3%
Broken
11.9%
Rolex
0.7%
Ticking
7.1%
To the _____ (Virginia Woolf) Lighthouse
69.8%
Embassy
4.9%
Country
10.9%
Jungle
9.6%
Black _____ (Anna Sewell) Beauty
67.9%
Bear
0.5%
Book
0.3%
Swan
26%
A Sunday _____ on the Island of La Grande Jatte (Georges Seurat, 1886) Afternoon
51.4%
Picnic
30.3%
Escape
1.2%
Sermon
3.2%
Luncheon of the Boating _____ (Pierre-Auguste Renoir, 1881) Party
50.5%
Brigade
13.4%
Launch
4.3%
Club
26.7%
The _____ of Man (René Magritte, 1964) Son
41%
Apple
5.2%
Desire
23.4%
Death
21.1%
Christina's _____ (Andrew Wyeth, 1948) World
39.4%
Room
31.8%
Death
12.2%
Life
9.4%
Triple _____ (Andy Warhol, 1963) Elvis
24.5%
Monroe
14.1%
Play
25.1%
Cans
17%
The _____ Christ (Paul Gauguin, 1889). Yellow
20.7%
Fallen
22.8%
Risen
43.7%
Blue
6.5%

You're not logged in!

Compare scores with friends on all Sporcle quizzes.
Sign Up with Email
OR
Log In

You Might Also Like...

Show Comments

Extras

Top Quizzes Today


Score Distribution

Your Account Isn't Verified!

In order to create a playlist on Sporcle, you need to verify the email address you used during registration. Go to your Sporcle Settings to finish the process.